000 01326naa a22002897a 4500
001 BR7405273
003 BR-BrBNA
005 20240918173607.0
007 ta
008 230509b bl.||||| |||| 00| 0 por d
040 _aBR-BrBNA
_bpor
_cBiblioteca Nacional de Agricultura
041 _a(Pt)
072 _aD10; F28
_b/G514
090 _aD10 BR7405273
100 1 _aCorrea, A.A.M.
111 1 _aMesas Redondas de Algodao, do Cafe e da Conservacao do Solo
_cSao Paulo, SP (Brazil)
_d1948
245 1 _aCriacao de uma seccao de combate a erosao no Ministerio da Agricultura [Administracao publica; Brasil]
260 3 _aSao Paulo, SP (Brasil):
_c1950.
500 _aAnais das Mesas Redondas do Algodao, do Cafe e da Conservacao do Solo; organizadas sob os auspicios do Instituto de Economia Rural 1948-1949. Teses apresentadas Sao Paulo, SP (Brasil): 1950. p. 199-203 (BR7405273-AM)D10
650 _aADMINISTRACAO
650 _aEROSAO DO SOLO
650 _aADMINISTRACAO PUBLICA
650 _aCONSERVACAO DO SOLO
773 0 _tAnais das Mesas Redondas do Algodao, do Cafe e da Conservacao do Solo; organizadas sob os auspicios do Instituto de Economia Rural 1948-1949. Teses apresentadas
_b
_wD10 BR7405273
_gSao Paulo, SP (Brasil), 1950. p. 199-203
909 _a202404
_bLucia
_c55
_dLucia Elande
942 _cAM
_2AGRIS
999 _c305624
_d305624